000 00517nam a2200193Ia 4500
003 OSt
005 20260522103234.0
008 210210b1983 xxu||||| |||| 00| 0 eng d
040 _cAL
041 _aKonkani
082 _a891.463 DISS
100 _aDISOJA (P).
_dಡಿಸೋಜ (ಪಿ)
_9264284
245 _aSunecho apradh.
_bಸುನೆಚೊ ಅಪ್ರಾಧ್
260 _aManglur.
_bSevak Prakashan.,
_c1983
300 _a152
690 _aKonkani Fiction
_9264285
906 _a050112
942 _2ddc
_cBK
999 _c98697
_d98697